000 00592nam a2200193Ia 4500
003 OSt
005 20191231093447.0
008 190216s9999||||xx |||||||||||||| ||und||
020 _a9788126163809
040 _coclc
082 _a338.95407
_bKIZ/S
100 _aKizhakkekalam, Baby
_9922
245 0 _aSocial Dimensions Of Green Economy And Sustainable Development /
_cBaby Kizhakkekalam
250 _a1st ed.
260 _bAnmol Publications,
_c2015.
_aNew Delhi:
300 _a318p
650 _aEcnomics
942 _cBK
_2ddc
_h338.95407
_iKIZ/S
_k338.95407
_mKIZ/S
999 _c11442
_d11442